000 00564nam a2200169Ia 4500
003 IN-BaIIA
008 211028s9999 xx s 000 0 eng d
020 _a9780819416711 (Print)
040 _cIIA Library
100 _aCampbell, David, ed.
_941235
245 0 _a1994 Topical Meeting on Optical Data Storage
_h[eBook]
260 _aWashington, USA
_bSPIE
_c1994
300 _aOnline resource
490 _aProceedings of SPIE; V. 2338
856 _uhttps://www.spiedigitallibrary.org/conference-proceedings-of-spie/2338
_yClick Here to Access eBook
942 _cEB
999 _c22609
_d22609